000 00685nam0a22002291 4500
001 rc\2742653
005 20250529141830.0
035 _a(NLR Aleph) 006869770
090 _a6934838
_c6934838
100 _a20110915d1939 |||y0rusy50 ca
101 0 _arus
102 _aRU
105 _ay z |||a|
200 1 _aПотерянная любовь
_eРассказы
_fА. Я. Кучеров
210 _aЛенинград
_cГослитиздат
_d1939
215 _a216 с.
_d17 см.
700 1 _aКучеров
_bА.Я.
_f1907-1968
_gАнатолий Яковлевич
801 0 _aRU
_bNLR
_gpsbo
801 1 _aRU
_bELAR
_2rusmarc
852 _aNLR
_j39-2/65
942 _cBOOK
980 _aNB